000 00539cam a2200193 4500
001 D2078
008 090401t1981 xxu||||| |||| 00| 0 eng d
035 _a(Sirsi) u67340
041 _aeng
050 _a690.24
100 _aBushell, R.J.
245 _aAssessing maintenance priorities - guidelines based on Health Service experience
260 _aAscot, Berks
_bThe Chartered Institute of Building
_c1981
300 _a3p. 30cm
350 _a0
490 _aMaintenance Information Service
_v17
942 _n0
948 _c04/03/1997
999 _c94992
_d94992